| 000 | 01012 a2200205 4500 | ||
|---|---|---|---|
| 020 | _a1558284036 | ||
| 020 | _a9781558284036 | ||
| 082 | 0 | 4 | _a658.041 |
| 090 |
_c2885 _d2885 |
||
| 100 | 1 | _aShannon, L. R. | |
| 245 | 1 | 0 |
_aWelcome to...home-based business computing / _cL. R. Shannon. |
| 260 |
_a[S.l.] : _bMis Pr, _c1995. |
||
| 300 |
_a231 p. ; _c25 cm. |
||
| 500 | _aPaperback. | ||
| 520 | _aHere is the first complete startup reference for those who want to put today's--and tomorrow's--computer power to work in a home office of any size and type. Designed as a guide to equipment and to organizing and operating a home business, this book helps readers make intelligent decisions on hardware and software that maximize productivity and flexibility. | ||
| 700 | 1 | _aShannon, Janet. | |
| 856 | 4 | 0 |
_3Amazon.com _uhttp://www.amazon.com/exec/obidos/ASIN/1558284036/chopaconline-20 |
| 856 | 4 | 0 |
_3Amazon customer reviews _uhttp://www.chopac.org/cgi-bin/tools/azrev.pl?q=1558284036 |
| 942 |
_aNBS _cBK _k658.041 SHA |
||
| 999 |
_c345375 _d345375 |
||